01761nam a2200373 a 4500001001100000003000800011006001900019007001500038008004100053010001700094020002800111040002100139035002000160050002300180082001800203100002400221245012600245260004700371300001500418490007000433504006600503533015200569650006000721650007000781650009300851650006900944650006101013650006801074655002901142710001701171830005901188856012501247999001501372ebr5005126CaPaEBRm u cr cn|||||||||990115s1999 ctu sb 001 0 eng  z 99017841  z0313307490 (alk. paper) aCaPaEBRcCaPaEBR a(OCoLC)5068105314aD16.2b.C79 1999eb04a907.1/2732211 aCraver, Kathleen W.10aUsing Internet primary sources to teach critical thinking skills in historyh[electronic resource] /cKathleen W. Craver. aWestport, Conn. :bGreenwood Press,c1999. axx, 257 p.1 aGreenwood professional guides in school librarianship,x1074-150X aIncludes bibliographical references (p. [239]-245) and index. aElectronic reproduction.bPalo Alto, Calif. :cebrary,d2013.nAvailable via World Wide Web.nAccess may be limited to ebrary affiliated libraries. 0aHistoryxStudy and teaching (Secondary)zUnited States. 0aCritical thinkingxStudy and teaching (Secondary)zUnited States. 0aElectronic information resource literacyxStudy and teaching (Secondary)zUnited States. 0aHistoryvSourcesxStudy and teaching (Secondary)zUnited States. 0aHigh school librariesxActivity programszUnited States. 0aJunior high school librariesxActivity programszUnited States. 7aElectronic books.2local2 aebrary, Inc. 0aGreenwood professional guides in school librarianship.40uhttp://site.ebrary.com/lib/rucke/Doc?id=5005126zAn electronic book accessible through the World Wide Web; click to view c1552d1552